Public culture

Αποθηκεύτηκε σε:
Λεπτομέρειες βιβλιογραφικής εγγραφής
Συγγραφή απο Οργανισμό/Αρχή: Society for Transnational Cultural Studies
Μορφή: Περιοδική έκδοση
Γλώσσα:Greek
Δημοσίευση: New York : Duke University Press, c1997-
Θέματα:
Ετικέτες: Προσθήκη ετικέτας
Δεν υπάρχουν, Καταχωρήστε ετικέτα πρώτοι!

MARC

LEADER 00000nas a2200000 i 4500
001 1/47381
008 070704c19889999us tr r 0 |gre||
022 |a 0899-2363 
035 |l 10088628 
040 |a GR-MY-UA  |b gre  |e aacr 
041 0 |a gre 
082 0 |a 306.47   |2 (22)  
110 2 |a Society for Transnational Cultural Studies. 
245 1 0 |a Public culture   |h [περιοδικό] /   |c Society for Transnational Cultural Studies.  
260 |a New York :   |b Duke University Press,   |c c1997-  
300 |a τ. ;   |c 21 εκ.  
310 |a Τρία τεύχη το χρόνο,   |b Winter 1993- 
321 |a Εξαμηνιαίο,   |b 1988-1993  
500 |a Ο εκδότης ποικίλει: Published: University of Pennsylvania, Project for Transnational Cultural Studies, 1988- ; Society for Transnational Cultural Studies, 1994-; Durham, NC : Duke University Press, fall 1997-  
650 0 0 |a Popular culture  |x Periodicals. 
650 0 0 |a Ethnology  |x Periodicals. 
650 0 0 |a Culture  |x Semiotic models  |x Periodicals. 
650 0 0 |a Arts and society  |x Periodicals. 
853 |a INST  |b LESVOS  |c SER  |h 306.47 
901 |a BIBL1-2007-2 
920 |a ΕΠΕΑΕΚ ΠΜΣ ΓΥΝΑΙΚΕΣ ΚΑΙ ΦΥΛΑ  |y Λέσβος  |z 2007-01 
970 |a ΤΖΑΦΕΡΗ  |b ΕΥΑΓΓΕΛΙΑ  |z 2007/07/04